<?xml version="1.0" encoding="UTF-8"?>
<record
    xmlns:xsi="http://www.w3.org/2001/XMLSchema-instance"
    xsi:schemaLocation="http://www.loc.gov/MARC21/slim http://www.loc.gov/standards/marcxml/schema/MARC21slim.xsd"
    xmlns="http://www.loc.gov/MARC21/slim">

  <leader>01133nam a22002777a 4500</leader>
  <controlfield tag="003">dpl</controlfield>
  <controlfield tag="005">20180911110723.0</controlfield>
  <controlfield tag="008">180911b        xxu||||| |||| 00| 0 eng d</controlfield>
  <datafield tag="010" ind1=" " ind2=" ">
    <subfield code="a">B-113632</subfield>
  </datafield>
  <datafield tag="020" ind1=" " ind2=" ">
    <subfield code="c">100.00</subfield>
    <subfield code="a">8187482354</subfield>
  </datafield>
  <datafield tag="035" ind1=" " ind2=" ">
    <subfield code="a">B-113632, B-113640</subfield>
  </datafield>
  <datafield tag="037" ind1=" " ind2=" ">
    <subfield code="b">Cen Lib/Ret</subfield>
  </datafield>
  <datafield tag="040" ind1=" " ind2=" ">
    <subfield code="a">DPL</subfield>
    <subfield code="b">HN</subfield>
    <subfield code="c">0</subfield>
  </datafield>
  <datafield tag="082" ind1=" " ind2=" ">
    <subfield code="a">&#x915; </subfield>
    <subfield code="b">&#x91C;&#x94D;&#x92F;&#x94B;&#x924;&#x94D;&#x938;&#x94D;&#x928;&#x93E; </subfield>
  </datafield>
  <datafield tag="100" ind1=" " ind2=" ">
    <subfield code="a">&#x91C;&#x94D;&#x92F;&#x94B;&#x924;&#x94D;&#x938;&#x94D;&#x928;&#x93E; &#x92E;&#x93F;&#x932;&#x928; </subfield>
    <subfield code="9">44829</subfield>
  </datafield>
  <datafield tag="245" ind1=" " ind2=" ">
    <subfield code="a">&#x909;&#x92E;&#x94D;&#x92E;&#x940;&#x926; &#x915;&#x940; &#x926;&#x942;&#x938;&#x930;&#x940; &#x938;&#x942;&#x930;&#x924;  /</subfield>
    <subfield code="c">&#x91C;&#x94D;&#x92F;&#x94B;&#x924;&#x94D;&#x938;&#x94D;&#x928;&#x93E; &#x92E;&#x93F;&#x932;&#x928; </subfield>
  </datafield>
  <datafield tag="246" ind1=" " ind2=" ">
    <subfield code="a">Ummid ki dusri surat </subfield>
    <subfield code="b">by Jyotsna Milan </subfield>
  </datafield>
  <datafield tag="260" ind1=" " ind2=" ">
    <subfield code="a">&#x92C;&#x940;&#x915;&#x93E;&#x928;&#x947;&#x930; </subfield>
    <subfield code="b">&#x935;&#x93E;&#x917;&#x94D;&#x926;&#x947;&#x935;&#x940; &#x92A;&#x94D;&#x930;&#x915;&#x93E;&#x936;&#x928; </subfield>
    <subfield code="c">2003</subfield>
  </datafield>
  <datafield tag="270" ind1=" " ind2=" ">
    <subfield code="a">&#x938;&#x941;&#x917;&#x928; &#x928;&#x93F;&#x935;&#x93E;&#x938; &#x91A;&#x928;&#x94D;&#x926;&#x928; &#x938;&#x93E;&#x917;&#x930; </subfield>
    <subfield code="b">&#x92C;&#x940;&#x915;&#x93E;&#x928;&#x947;&#x930; </subfield>
  </datafield>
  <datafield tag="300" ind1=" " ind2=" ">
    <subfield code="a">103&#x92A;&#x943;&#x937;&#x94D;&#x920;. </subfield>
    <subfield code="c">21&#x938;&#x947;&#x92E;&#x940;(&#x938;&#x91C;&#x93F;&#x932;&#x94D;&#x926;)</subfield>
  </datafield>
  <datafield tag="650" ind1=" " ind2=" ">
    <subfield code="a">&#x939;&#x93F;&#x902;&#x926;&#x940; &#x938;&#x93E;&#x939;&#x93F;&#x924;&#x94D;&#x92F; </subfield>
    <subfield code="9">71289</subfield>
  </datafield>
  <datafield tag="650" ind1=" " ind2=" ">
    <subfield code="a"> &#x939;&#x93F;&#x902;&#x926;&#x940; &#x915;&#x939;&#x93E;&#x928;&#x940; </subfield>
    <subfield code="9">71290</subfield>
  </datafield>
  <datafield tag="650" ind1=" " ind2=" ">
    <subfield code="a">Hindi literature</subfield>
    <subfield code="9">71291</subfield>
  </datafield>
  <datafield tag="650" ind1=" " ind2=" ">
    <subfield code="a">Hindi  story</subfield>
    <subfield code="9">43117</subfield>
  </datafield>
  <datafield tag="942" ind1=" " ind2=" ">
    <subfield code="2">ddc</subfield>
    <subfield code="c">HN</subfield>
    <subfield code="h">&#x915; </subfield>
    <subfield code="m">&#x91C;&#x94D;&#x92F;&#x94B;&#x924;&#x94D;&#x938;&#x94D;&#x928;&#x93E; </subfield>
  </datafield>
  <datafield tag="999" ind1=" " ind2=" ">
    <subfield code="c">117308</subfield>
    <subfield code="d">117308</subfield>
  </datafield>
  <datafield tag="952" ind1=" " ind2=" ">
    <subfield code="0">0</subfield>
    <subfield code="1">0</subfield>
    <subfield code="4">0</subfield>
    <subfield code="7">0</subfield>
    <subfield code="a">L</subfield>
    <subfield code="b">L</subfield>
    <subfield code="d">2015-08-27</subfield>
    <subfield code="e">Cen Lib /Ret</subfield>
    <subfield code="g">100.00</subfield>
    <subfield code="l">2</subfield>
    <subfield code="o">&#x915;  &#x91C;&#x94D;&#x92F;&#x94B;&#x924;&#x94D;&#x938;&#x94D;&#x928;&#x93E;</subfield>
    <subfield code="p">B-113632</subfield>
    <subfield code="r">2019-08-02 00:00:00</subfield>
    <subfield code="s">2019-07-17</subfield>
    <subfield code="t">1</subfield>
    <subfield code="v">100.00</subfield>
    <subfield code="w">2015-08-27</subfield>
    <subfield code="y">HN</subfield>
  </datafield>
  <datafield tag="952" ind1=" " ind2=" ">
    <subfield code="0">0</subfield>
    <subfield code="1">0</subfield>
    <subfield code="2">ddc</subfield>
    <subfield code="4">0</subfield>
    <subfield code="7">0</subfield>
    <subfield code="8">FIC</subfield>
    <subfield code="a">BL4</subfield>
    <subfield code="b">BL4</subfield>
    <subfield code="d">2018-09-11</subfield>
    <subfield code="e">BPPD/PUB</subfield>
    <subfield code="g">100.00</subfield>
    <subfield code="l">5</subfield>
    <subfield code="m">1</subfield>
    <subfield code="o">&#x915;  &#x91C;&#x94D;&#x92F;&#x94B;&#x924;&#x94D;&#x938;&#x94D;&#x928;&#x93E;</subfield>
    <subfield code="p">B-113640</subfield>
    <subfield code="r">2025-10-06 00:00:00</subfield>
    <subfield code="s">2025-09-22</subfield>
    <subfield code="v">100.00</subfield>
    <subfield code="w">2018-09-11</subfield>
    <subfield code="y">HN</subfield>
  </datafield>
  <datafield tag="952" ind1=" " ind2=" ">
    <subfield code="0">0</subfield>
    <subfield code="1">0</subfield>
    <subfield code="2">ddc</subfield>
    <subfield code="4">0</subfield>
    <subfield code="7">0</subfield>
    <subfield code="8">FIC</subfield>
    <subfield code="a">BL1</subfield>
    <subfield code="b">BL1</subfield>
    <subfield code="d">2018-11-11</subfield>
    <subfield code="e">BPPD/Pub</subfield>
    <subfield code="g">100.00</subfield>
    <subfield code="l">0</subfield>
    <subfield code="o">&#x915;  &#x91C;&#x94D;&#x92F;&#x94B;&#x924;&#x94D;&#x938;&#x94D;&#x928;&#x93E;</subfield>
    <subfield code="p">B-113633</subfield>
    <subfield code="r">2018-11-11 00:00:00</subfield>
    <subfield code="v">100.00</subfield>
    <subfield code="w">2018-11-11</subfield>
    <subfield code="y">HN</subfield>
  </datafield>
</record>
